Lo somni / (Record no. 104107)

MARC details
000 -LEADER
campo de control de longitud fija 00979nam a2200241 i 4500
001 - NÚMERO DE CONTROL
campo de control 104107
003 - IDENTIFICADOR DE NÚMERO DE CONTROL
campo de control ES-MaACL
005 - FECHA Y HORA DE LA ÚLTIMA TRANSACCIÓN
campo de control 20230906183519.0
007 - CAMPO FIJO DE DESCRIPCIÓN FÍSICA--INFORMACIÓN GENERAL
campo de control de longitud fija t|
008 - DATOS DE LONGITUD FIJA--INFORMACIÓN GENERAL
campo de control de longitud fija 051123s1946 sp ||||1| spa d
080 ## - NÚMERO DE LA CLASIFICACIÓN DECIMAL UNIVERSAL
Número de la Clasificación Decimal Universal 821.134.1-96"13"
100 1# - ENTRADA PRINCIPAL--NOMBRE DE PERSONA
Nombre de persona Metge, Bernat.
9 (RLIN) 80726
245 13 - MENCIÓN DEL TÍTULO
Título Lo somni /
Mención de responsabilidad, etc. Bernat Metge ; edición, prólogo y notas de Antonio Vilanova Andreu.
260 ## - PUBLICACIÓN, DISTRIBUCIÓN, ETC.
Lugar de publicación, distribución, etc. Barcelona :
Nombre del editor, distribuidor, etc. Instituto Antonio de Nebrija,
Fecha de publicación, distribución, etc. 1946.
300 ## - DESCRIPCIÓN FÍSICA
Extensión XXX, 134 p. ;
Dimensiones 15 cm.
490 1# - MENCIÓN DE SERIE
Mención de serie Publicaciones de la Escuela de Filología de Barcelona. Filología moderna ;
Designación de volumen o secuencia 7
500 ## - NOTA GENERAL
Nota general Precede al tít.: Consejo Superior de Investigaciones Científicas. Delegación de Barcelona. Instituto Antonio de Nebrija.
700 1# - ENTRADA AGREGADA--NOMBRE PERSONAL
Nombre de persona Vilanova Andreu, Antonio.
9 (RLIN) 114781
710 2# - ENTRADA AGREGADA--NOMBRE DE ENTIDAD CORPORATIVA
Nombre de entidad corporativa o nombre de jurisdicción como elemento de entrada Instituto Antonio de Nebrija.
9 (RLIN) 4795
830 1# - PUNTO DE ACCESO ADICIONAL DE SERIE-TÍTULO UNIFORME
Título uniforme Publicaciones de la Escuela de Filología de Barcelona. Filología moderna ;
Designación de volumen o secuencia 7
9 (RLIN) 232624
852 4# - LOCALIZACIÓN
Ubicación ES-MaACL
Número de control de estantería G-9930
Holdings
Estatus retirado Estado de pérdida Estado de daño No para préstamo Biblioteca de origen Biblioteca actual Ubicación en estantería Fecha de adquisición Fuente de adquisición Total de préstamos Signatura topográfica completa Código de barras Visto por última vez Precio de reemplazo Tipo de ítem Koha
        Biblioteca del Ateneo de Madrid Biblioteca del Ateneo de Madrid Sala Pecera Planta 3 17/01/2008     G-9930 1108697 23/02/2023 23/02/2023 Libro impreso